Welcome to WEB OPAC of MRSPTU Central Library

Post Harvest Technology of Cerals, Pulses and Oilseeds (Record no. 7430)

MARC details
000 -LEADER
fixed length control field 00474nam a2200169Ia 4500
008 - FIXED-LENGTH DATA ELEMENTS--GENERAL INFORMATION
fixed length control field 230711s9999||||xx |||||||||||||| ||und||
020 ## - INTERNATIONAL STANDARD BOOK NUMBER
International Standard Book Number 978-81-204-0969-9
041 ## - LANGUAGE CODE
Language code of text/sound track or separate title ENG
082 ## - DEWEY DECIMAL CLASSIFICATION NUMBER
Classification number 633.10491
Item number CH-P
100 ## - MAIN ENTRY--PERSONAL NAME
Personal name Chakraverty, A
245 #0 - TITLE STATEMENT
Title Post Harvest Technology of Cerals, Pulses and Oilseeds
250 ## - EDITION STATEMENT
Edition statement 3rd Ed.
260 ## - PUBLICATION, DISTRIBUTION, ETC.
Date of publication, distribution, etc. 1995
Place of publication, distribution, etc. New Delhi
Name of publisher, distributor, etc. CBS Publishers & Distributors Pvt.Ltd
300 ## - PHYSICAL DESCRIPTION
Extent 349p.
650 ## - SUBJECT ADDED ENTRY--TOPICAL TERM
Topical term or geographic name entry element Food Science and Technology
942 ## - ADDED ENTRY ELEMENTS (KOHA)
Koha item type Book
Holdings
Withdrawn status Lost status Damaged status Not for loan Collection Home library Current library Date acquired Source of acquisition Cost, normal purchase price Inventory number Total checkouts Full call number Barcode Date last seen Price effective from Koha item type Date due Date last checked out
          MRSPTU Central Library MRSPTU Central Library   Krishna Book Distributors 450.00 KBD/19-20/1120943571   633.10491 CH-P P1487 08/17/2023 08/17/2023 Book    
          MRSPTU Central Library MRSPTU Central Library   Krishna Book Distributors 450.00 KBD/19-20/1120943571   633.10491 CH-P P1488 08/17/2023 08/17/2023 Book    
          MRSPTU Central Library MRSPTU Central Library   Krishna Book Distributors 450.00 KBD/19-20/1120943571   633.10491 CH-P P1489 08/17/2023 08/17/2023 Book    
          MRSPTU Central Library MRSPTU Central Library   Krishna Book Distributors 450.00 KBD/19-20/1120943571 1 633.10491 CH-P P1490 09/19/2025 08/17/2023 Book 10/15/2025 09/19/2025
          MRSPTU Central Library MRSPTU Central Library   Krishna Book Distributors 450.00 KBD/19-20/1120943571   633.10491 CH-P P1491 08/17/2023 08/17/2023 Book    

Website Designed and Developed by MRSPTU Central Library Team

E-mail Id: librarian@mrsptu.ac.in